Les trois Dumas
Gespeichert in:
| 1. Verfasser: | |
|---|---|
| Format: | Buch |
| Sprache: | Undetermined |
| Veröffentlicht: |
París, Francia
Hachette
1957
|
| Schlagworte: | |
| Tags: |
Tag hinzufügen
Keine Tags, Fügen Sie den ersten Tag hinzu!
|
MARC
| LEADER | 00000nam a2200000Ia 4500 | ||
|---|---|---|---|
| 008 | 170316s9999 xx 000 0 und d | ||
| 040 | |a cru BVZT | ||
| 090 | |a C-840 M-5t | ||
| 100 | |a Maurois, André | ||
| 245 | |a Les trois Dumas | ||
| 260 | |a París, Francia | ||
| 260 | |b Hachette | ||
| 260 | |c 1957 | ||
| 300 | |a 499 páginas | ||
| 650 | |a LITERATURA FRANCESA | ||
| 650 | |a CRÍTICA | ||
| 999 | |c 13003 |d 13003 | ||
| 942 | |c 15 D |h C-840 M-5t |2 z | ||
